000 00772cab a22002295a 4500
001 L160002
008 150113e2016 xxk 000 0 eng d
035 _a(Sirsi) u160002
041 0 _aeng
050 _a692.8
100 1 _aSouthgate, Phil
245 0 0 _aModelling is the norm
_h[electronic resource]
260 _aLondon
_bRICS
_c2016
490 _aRICS Building Surveying Journal
_vJuly 2016 - August 2016, 14(1)
520 _aExplains the background to the forthcoming RICS guidance note BIM for building surveyors.
650 2 4 _aBIM
_96219
650 2 4 _aLEVEL 2 BIM
651 4 _aUnited Kingdom
690 _aBuilding surveying
_96225
856 4 0 _uhttps://issuu.com/ricsmodus/docs/bsj_bcj_july_august_2016
_yAvailable free online via Issuu
942 _n0
_2ddc
999 _c85118
_d85118